| 000 | 00806nam a22001817a 4500 | ||
|---|---|---|---|
| 999 |
_c61516 _d61516 |
||
| 005 | 20240321112433.0 | ||
| 008 | 240321c2012 ge ||||| |||| 00| 0 geo d | ||
| 022 | _a15120880 | ||
| 041 | _ageo | ||
| 245 |
_aსაქართველოს ბიბლიოთეკა : _b2012 / _c რედ.: ალექსანდრე ლორია, გურამ თაყნიაშვილი. |
||
| 260 |
_aთბილისი, _c2012. |
||
| 300 | _aV. | ||
| 653 | _aპერიოდიკა | ||
| 653 | _aსაქართველოს ბიბლიოთეკა | ||
| 700 |
_aლორია, ალექსანდრე _eრედაქტორი _921508 |
||
| 700 |
_aთაყნიაშვილი, გურამ _eრედაქტორი _921480 |
||
| 942 |
_2udc _cCR |
||